logo

Bir Sreshtho Munshi Abdur Rouf Library
Jhenaidah Cadet College

Who moved my cheese? : (Record no. 1907)

MARC details
000 -LEADER
fixed length control field 01000nam a2200277 a 4500
001 - CONTROL NUMBER
JCCL Control Number 1907
003 - CONTROL NUMBER IDENTIFIER
JCCL marc code BD-JhCC
005 - DATE AND TIME OF LATEST TRANSACTION
control field 20220802134021.0
008 - FIXED-LENGTH DATA ELEMENTS--GENERAL INFORMATION
fixed length control field 980312s1998 nyua a 000 0 eng
020 ## - INTERNATIONAL STANDARD BOOK NUMBER
International Standard Book Number 0399144463
035 ## - SYSTEM CONTROL NUMBER
system control number (BD-JhCC)1907
040 ## - CATALOGING SOURCE
Original cataloging agency DLC
Transcribing agency DLC
Modifying agency DLC
041 ## - LANGUAGE CODE
Language code of Book eng
050 00 - LIBRARY OF CONGRESS CALL NUMBER
Classification number BF637.C4
Item number J64 1998
082 00 - DEWEY DECIMAL CLASSIFICATION NUMBER
Classification number 155.2/4
DDC Edition number 21
Author mark and Year JOH 1998
100 1# - MAIN ENTRY--PERSONAL NAME
Personal name Johnson, Spencer.
245 10 - TITLE STATEMENT
Title Who moved my cheese? :
Remainder of title an amazing way to deal with change in your work and in your life /
Statement of responsibility, etc Spencer Johnson.
260 ## - PUBLICATION, DISTRIBUTION, ETC. (IMPRINT)
Place of publication, distribution, etc New York :
Name of publisher, distributor, etc Putnam,
Date of publication, distribution, etc c1998.
300 ## - PHYSICAL DESCRIPTION
Pagination 94 p. :
Other physical details ill. ;
Dimensions 22 cm.
650 #0 - SUBJECT ADDED ENTRY--TOPICAL TERM
Topical term or geographic name as entry element Change (Psychology)
856 42 - ELECTRONIC LOCATION AND ACCESS
Materials specified Contributor biographical information
Uniform Resource Identifier http://www.loc.gov/catdir/enhancements/fy1207/98015502-b.html
856 42 - ELECTRONIC LOCATION AND ACCESS
Materials specified Publisher description
Uniform Resource Identifier http://www.loc.gov/catdir/enhancements/fy1207/98015502-d.html
856 41 - ELECTRONIC LOCATION AND ACCESS
Materials specified Table of contents only
Uniform Resource Identifier http://www.loc.gov/catdir/enhancements/fy1207/98015502-t.html
942 ## - ADDED ENTRY ELEMENTS (KOHA)
Source of classification or shelving scheme Dewey Decimal Classification
Koha item type Books
Koha issues (borrowed), all copies 11
Holdings
Source of classification or shelving scheme Damaged status Not for loan Home library Current library Shelving location Date of accession Total Checkouts Full call number Barcode Date last seen Date checked out Copy number Koha item type Cost, normal purchase price
Dewey Decimal Classification     JCC Rouf Library JCC Rouf Library General Stacks 10/26/2017 4 155.2/4 JOH 1998 3385 02/19/2024 02/12/2024 C-1 Books  
Dewey Decimal Classification     JCC Rouf Library JCC Rouf Library General Stacks 09/02/2019 8 155.2/4 JOH 1998 15509 11/12/2025 11/05/2025 C-2 Books 358.00

JCC Library | Contacts | JCC Home

Last Update on 23 September 2017
Copyright @ 2017-2020 JCC Rouf Library
Rouf Library, Jhenidah Cadet College (JCC), Bangladesh